Paysans d'afrique noire
Na minha lista:
| Autor principal: | |
|---|---|
| Formato: | Livro |
| Idioma: | Undetermined |
| Publicado em: |
Paris
Terres et Vie
1980
|
| Assuntos: | |
| Tags: |
Adicionar Tag
Sem tags, seja o primeiro a adicionar uma tag!
|
| Thư viện lưu trữ: | Trung tâm Học liệu Trường Đại học Cần Thơ |
|---|
| LEADER | 00496nam a2200193Ia 4500 | ||
|---|---|---|---|
| 001 | CTU_69003 | ||
| 008 | 210402s9999 xx 000 0 und d | ||
| 082 | |a 305 | ||
| 082 | |b D943 | ||
| 100 | |a Dupriez, Hugues | ||
| 245 | 0 | |a Paysans d'afrique noire | |
| 245 | 0 | |c Hugues Dupriez | |
| 260 | |a Paris | ||
| 260 | |b Terres et Vie | ||
| 260 | |c 1980 | ||
| 650 | |a Rural development | ||
| 650 | |x Agricultural conditions | ||
| 904 | |i Minh | ||
| 980 | |a Trung tâm Học liệu Trường Đại học Cần Thơ | ||